|
|
|
|
| LEADER |
00000naa2a2200000 4500 |
| 001 |
151257 |
| 005 |
20231031150603.0 |
| 035 |
|
|
|a (RuTPU)RU\TPU\book\163996
|
| 090 |
|
|
|a 151257
|
| 100 |
|
|
|a 20090121d2008 k y0rusy50 ca
|
| 101 |
0 |
|
|a rus
|
| 102 |
|
|
|a RU
|
| 200 |
1 |
|
|a Создание компьютерной программы для сопровождения процесса каталитического риформинга бензинов
|f М. С. Гынгазова, Э. Д. Иванчина
|g науч. рук. Э. Д. Иванчина
|
| 320 |
|
|
|a Библиогр.: 2 назв.
|
| 461 |
|
1 |
|0 (RuTPU)RU\TPU\book\156858
|t Современные техника и технологии
|o 14 Международная научно-практическая конференция студентов, аспирантов и молодых ученых, г. Томск, 24-28 марта 2008 г.
|o труды
|o в 3 т.
|f Томский политехнический университет (ТПУ)
|d 2008
|
| 463 |
|
1 |
|0 (RuTPU)RU\TPU\book\158716
|t Т. 2
|v С. 280-281
|d 2008
|p 434 с.
|
| 610 |
1 |
|
|a компьютерные программы
|
| 610 |
1 |
|
|a каталитический риформинг
|
| 610 |
1 |
|
|a бензины
|
| 610 |
1 |
|
|a маделирующие программы
|
| 610 |
1 |
|
|a нефтяная промышленность
|
| 610 |
1 |
|
|a теплообмен
|
| 610 |
1 |
|
|a массообмен
|
| 610 |
1 |
|
|a моделирующие системы
|
| 610 |
1 |
|
|a химико-технологические системы
|
| 610 |
1 |
|
|a труды учёных ТПУ
|
| 700 |
|
1 |
|a Гынгазова
|b М. С.
|c химик-технолог
|c инженер Томского политехнического университета, кандидат технических наук
|f 1985-
|g Мария Сергеевна
|2 stltpush
|3 (RuTPU)RU\TPU\pers\28433
|
| 701 |
|
1 |
|a Иванчина
|b Э. Д.
|c химик
|c профессор Томского политехнического университета, доктор технических наук
|f 1951-
|g Эмилия Дмитриевна
|2 stltpush
|3 (RuTPU)RU\TPU\pers\24966
|
| 702 |
|
1 |
|a Иванчина
|b Э. Д.
|c химик
|c профессор Томского политехнического университета, доктор технических наук
|f 1951-
|g Эмилия Дмитриевна
|2 stltpush
|4 727
|
| 801 |
|
1 |
|a RU
|b 63413507
|c 20090121
|g PSBO
|
| 801 |
|
2 |
|a RU
|b 63413507
|c 20150820
|g RCR
|
| 942 |
|
|
|c BK
|